| 000 | 00486nam a2200157Ia 4500 | ||
|---|---|---|---|
| 008 | 210716s2004 xx 000 0 und d | ||
| 020 | _a9788184891706 | ||
| 041 | _aeng | ||
| 082 | _a004.6005 CARM | ||
| 100 | _aAlonso, Gustavo; Casati, Fabio; Kuno, Harumi; Machiraju, Vijay. | ||
| 245 |
_aWeb services: concepts architectures and applications. _bConcepts architectures and applications. |
||
| 250 | _a1 | ||
| 260 |
_aNew York _bSpringer _c2004 |
||
| 300 | _axx,354 | ||
| 650 | _aNone | ||
| 999 |
_c189656 _d189656 |
||